عرض عادي
عرض مارك
- Johnstone, Barbara.
مدخل إسم شخص
001 - رقم الضبط
- حقل الضبط: 89027
003 - معرف رقم الضبط
- حقل الضبط: OSt
005 - تاريخ ووقت أخر عملية
- حقل الضبط: 20211229105138.0
008 - عناصر بيانات ثابتة الطول
- حقل تحكم ثابت الطول: 211229|| aca||aabn | a|a d
040 ## - مصدر الفهرسة
- هيئة الفهرسة الأصلية: OSt
- وكالة الكتابة: OSt
100 ## - مدخل -- أسم شخص
- إسم شخص: Johnstone, Barbara.
670 ## - بيانات المصدر موجوده
- الاستشهاد بالمصدر: Work cat.: (OSt): Johnstone, Barbara., Discourse analysis /, 2018.
